Giáo trình vật lý học và triết học
Nội dung giới thiệu khái niệm về vật chất, vật chất ở dạng hạt, các hạt vi mô, vĩ mô trong thế giới vật chất, thế giới vật chất siêu vĩ mô. Các vật chất ở dạng trường. Các quy luật cơ bản của phép biện chứng duy vật thể hiện...
Na minha lista:
| Autor principal: | |
|---|---|
| Formato: | Livro |
| Idioma: | Undetermined |
| Publicado em: |
Cần Thơ
Đại học Cần Thơ
2010
|
| Assuntos: | |
| Tags: |
Adicionar Tag
Sem tags, seja o primeiro a adicionar uma tag!
|
| Thư viện lưu trữ: | Trung tâm Học liệu Trường Đại học Cần Thơ |
|---|
| LEADER | 01053nam a2200193Ia 4500 | ||
|---|---|---|---|
| 001 | CTU_155535 | ||
| 008 | 210402s9999 xx 000 0 und d | ||
| 082 | |a 530 | ||
| 082 | |b Qu527 | ||
| 100 | |a Nguyễn, Quyên | ||
| 245 | 0 | |a Giáo trình vật lý học và triết học | |
| 245 | 0 | |c Nguyễn Quyên, Nguyễn Thanh Sơn | |
| 260 | |a Cần Thơ | ||
| 260 | |b Đại học Cần Thơ | ||
| 260 | |c 2010 | ||
| 520 | |a Nội dung giới thiệu khái niệm về vật chất, vật chất ở dạng hạt, các hạt vi mô, vĩ mô trong thế giới vật chất, thế giới vật chất siêu vĩ mô. Các vật chất ở dạng trường. Các quy luật cơ bản của phép biện chứng duy vật thể hiện trong tri thức vật lý. Vật lý và nhận thức luận duy vật biện chứng. | ||
| 650 | |a Physics,Vật lý học | ||
| 904 | |i QHieu | ||
| 980 | |a Trung tâm Học liệu Trường Đại học Cần Thơ | ||